Normal view
MARC view
- El Fisgón,
Entry Nombre Personal
001 - NUMERO DE CONTROL
- campo de control: 34465
003 - IDENTIFICADOR DE NUMERO DE CONTROL
- campo de control: UPN
005 - FECHA Y HORA DE LA ÜLTIMA TRANSACCIÓN
- campo de control: 20210219194453.0
008 - DATOS DE LONGITUD FIJA
- campo de control de longitud fija: nabaccnnaabn|||||||||| b |nc|||||d
035 ## - NUMERO DE CONTROL
- Número de control: UPN11000006572
040 ## - FUENTE DE CATALOGACIÓN
- Lenguaje de catalogación: SPA
- Agencia de transcripción: UPN
100 0# - ENCABEZAMIENTO - NOMBRE PERSONAL
- Nombre personal: El Fisgón,
- Fechas asociadas con el nombre: 1956-
400 1# - VEÁSE - NOMBRE DE PERSONA
- Personal name: Barajas, Rafael,
- Dates associated with a name: 1956-
400 1# - VEÁSE - NOMBRE DE PERSONA
- Personal name: Barajas Durán, Rafael,
- Dates associated with a name: 1956-
400 0# - VEÁSE - NOMBRE DE PERSONA
- Personal name: Fisgón, El,
- Dates associated with a name: 1956-
670 ## - FUENTE EN LA QUE SE LOCALIZARON DATOS
- Cita de la fuente: LC
680 ## - NOTA PUBLICA DE ACCESO PÚBLICO
- Frase explicativa de la referencia: Caricaturista mexicano
902 ## - CATALOGADOR
- Catalogador: CAA/261113
